01574nam a2200421 i 450000100060000000300090000600500170001500800390003201500170007102000150008804000280010304600090013108000160014008000100015608000120016610000410017824501590021925000200037826000340039830000610043233600270049333700540052033800280057438000160060238000270061838500390064538800140068438800140069850400260071265000260073865000300076465000290079465500300082365800280085371000620088185601110094385600980105432159KOSZ 00520210204141542.0980627s1997 pl a f f |000 0 pol aPB 1998/8411 a8387424072 aWA NcWA NdKOSZ 005/HR k1993 a628.3.034.2 a628.5 a(075.8)1 aAnielak, Anna Mariad(1952- )eAutor10aWybrane zagadnienia z technologii ścieków przemysłowych :bprzewodnik do ćwiczeń laboratoryjnych /cAnna M. Anielak ; Politechnika Koszalińska. a[Wyd. 2 uzup.]. aKoszalin :bWydaw. PK,c1997. a145, [2] s., [9] s. tabl. :bfot., rys., wykr. ;c24 cm. 2rdacontentaTekstbtxt 2rdamediaaBez urządzenia pośredniczącegobn 2rdacarrieraWoluminbnc aKsiążki aPublikacje dydaktyczne mPoziom nauczaniaaSzkoły wyższe a1901-2000 a1989-2000 aBibliogr. przy rozdz. 4aŚcieki przemysłowe 4aOczyszczalnia ścieków 4aOczyszczanie ścieków 4aPodręczniki akademickie aInżynieria i technika2 aWydawnictwo Uczelniane (Politechnika Koszalińska)4pbl. uhttp://dlibra.tu.koszalin.pl/dlibra/docmetadata?id=244&from=&dirids=1&ver_id=&lp=1&QI=yBiblioteka Cyfrowa uhttp://koha.tu.koszalin.pl/cgi-bin/koha/opac-detail.pl?biblionumber=32159yKatalog online BPK